|
|
|
|
| LEADER |
01337nam a2200277 a 4500 |
| 001 |
12404 |
| 003 |
BD-DhAAL |
| 005 |
20231206134322.0 |
| 008 |
141231r2000 bg d f000 0 ben d |
| 020 |
|
|
|a 8185626073
|
| 020 |
|
|
|a 8185626081
|
| 040 |
|
|
|a DB-DhAAL
|c DB-DhAAL
|
| 041 |
0 |
|
|a ben
|
| 082 |
0 |
0 |
|a 491.44321
|2 22
|
| 245 |
1 |
0 |
|a বাঙ্গালা ভাষার অভিধান /
|c জ্ঞানেন্দ্রমোহন দাস সঙ্কলিত ও সম্পাদিত.
|
| 260 |
|
|
|a ঢাকা :
|b সাহিত্য সংসদ,
|c ২০০০ [ষষ্ঠ মুদ্রণ].
|
| 300 |
|
|
|a ২৩১৮ পৃ.;
|c ২২ সে.মি.
|
| 541 |
1 |
|
|e 12404
|
| 650 |
|
0 |
|a Bengali language
|x Dictionaries
|x Bengali.
|9 7064
|
| 700 |
1 |
|
|a দাস, জ্ঞানেন্দ্রমোহন
|9 7068
|
| 710 |
2 |
|
|a বাংলা একাডেমী (ঢাকা)
|9 7069
|
| 852 |
4 |
|
|a Ayesha Abed Library
|
| 942 |
|
|
|2 ddc
|c BK
|
| 999 |
|
|
|c 33372
|d 33372
|
| 952 |
|
|
|0 0
|1 0
|2 ddc
|4 0
|6 491_443210000000000_BAN
|7 1
|8 REF
|9 44586
|a BRACUL
|b BRACUL
|c REF
|d 2014-12-31
|g 750.00
|l 1
|o 491.44321 BAN
|p 3010012404
|r 2017-01-17
|s 2017-01-17
|t 1
|w 2014-12-31
|y BK
|
| 952 |
|
|
|0 0
|1 0
|2 ddc
|4 0
|6 491_000000000000000__44321_BAN
|7 1
|8 REF
|9 44588
|a BRACUL
|b BRACUL
|c GEN
|d 2014-12-31
|l 0
|o 491.44321 BAN
|p 3010012405
|r 2014-12-31
|t 2
|w 2014-12-31
|y BK
|